000
00295nam a22001217a 4500
008
230623b xxu||||| |||| 00| 0 eng d
082
_a
330.05
_b
UOC
245
_a
Journal of Political Economy
260
_b
The University of Chicago
_c
1995
300
_a
227p
440
_n
1
_v
103
942
_2
ddc
_c
BK
999
_c
2444
_d
2444